000 00508nam a2200181Ia 4500
999 _c32108
_d32108
003 OSt
005 20200724104435.0
008 190216s9999||||xx |||||||||||||| ||und||
020 _a9788129704733
040 _coclc
082 _a515
_bKRI/F
100 _aKrishnan, V K
_93721
245 0 _aFundamentals Of Real Analysis /
_cV K Krishnan
260 _bPearson Education Asia,
_aDelhi:
_c2004.
300 _a232p
650 _aMathematics
942 _cBK
_2ddc
_h515
_iKRI/F
_k515
_mKRI/F